Systém menových kurzov ERM II a nové členské štáty EÚ

Mechanizmus menových kurzov ERM II. Účasť v ERM II ako podmienka plnenia maastrichtského kritéria pre menový kurz pre nových členov Únie. Noví členovia ERM II. K otázke načasovania vstupu SR do ERM II.

Salvato in:
Dettagli Bibliografici
Autore principale: Gonda, Vladimír
Natura: Capitolo di libro
Lingua:slovacco
Soggetti:
Tags: Aggiungi Tag
Nessun Tag, puoi essere il primo ad aggiungerne!!

MARC

LEADER 00000naa$a2200000$$$4500
001 0026281
005 20240502071425.2
041 0 |a slo 
044 |a SK 
245 1 0 |a Systém menových kurzov ERM II a nové členské štáty EÚ  |c Vladimír Gonda 
520 |a Mechanizmus menových kurzov ERM II. Účasť v ERM II ako podmienka plnenia maastrichtského kritéria pre menový kurz pre nových členov Únie. Noví členovia ERM II. K otázke načasovania vstupu SR do ERM II. 
610 2 0 |a Európska únia 
610 2 0 |a Slovensko 
610 2 0 |a únie menové 
610 2 0 |a kurz menový 
610 2 0 |a konvergencia 
610 2 0 |a krajiny tranzitívne 
100 1 |a Gonda, Vladimír